[Event "Skalica op-B"]
[Site "Skalica"]
[Date "2022.08.27"]
[Round "8"]
[White "Ciglian, Michal"]
[Black "Hradsky, Ales Jr"]
[Result "0-1"]
[WhiteElo "1673"]
[BlackElo "1828"]
[PlyCount "80"]
[EventDate "2022.08.20"]
[EventType "swiss"]
[EventRounds "9"]
[EventCountry "SVK"]
[SourceTitle "CBM 209 Extra"]
[Source "ChessBase"]
[SourceDate "2022.09.30"]
[SourceVersion "1"]
[SourceVersionDate "2022.09.30"]
[SourceQuality "1"]

1. c4 e6 2. Nc3 f5 3. d4 Nf6 4. g3 Be7 5. Bg2 0-0 6. Nf3 d6 7. 0-0 c6 8. Qb3 Na6 9. a3 h6 10. Qc2 Qe8 11. b4 Qh5 12. b5 Nc7 13. a4 Bd7 14. Ba3 Rae8 15. Rab1 Ne4 16. b6 axb6 17. Rxb6 Bc8 18. Rfb1 e5 19. d5 Nxc3 20. Qxc3 c5 21. e3 f4 22. exf4 exf4 23. Bb2 Bf6 24. Qa5 Bxb2 25. R6xb2 Re7 26. Qb6 Rf6 27. Re1 Ref7 28. Rbe2 fxg3 29. Re8+ Kh7 30. Rxc8 gxf2+ 31. Kxf2 Qh4+ 32. Ke2 Qxc4+ 33. Kf2 Nxd5 34. Qb1+ g6 35. Qe4 Qb3 36. Kg3 Rf4 37. Rb1 Qa2 38. Qe1 Rg4+ 39. Kxg4 Qxg2+ 40. Qg3 Rf4# 0-1

[Event "Skalica op-B"]
[Site "Skalica"]
[Date "2022.08.26"]
[Round "7"]
[White "Hradsky, Ales Jr"]
[Black "Fizerova, Lucie"]
[Result "0-1"]
[WhiteElo "1828"]
[BlackElo "1679"]
[PlyCount "56"]
[EventDate "2022.08.20"]
[EventType "swiss"]
[EventRounds "9"]
[EventCountry "SVK"]
[SourceTitle "CBM 209 Extra"]
[Source "ChessBase"]
[SourceDate "2022.09.30"]
[SourceVersion "1"]
[SourceVersionDate "2022.09.30"]
[SourceQuality "1"]

1. e4 e5 2. Nf3 Nf6 3. Nc3 Bb4 4. Bc4 d6 5. d3 h6 6. 0-0 Bg4 7. h3 Bh5 8. Bd2 Nc6 9. a3 Ba5 10. b4 Bb6 11. Ne2 Bxf3 12. gxf3 Nh7 13. Ng3 Qh4 14. Kg2 Ng5 15. Rh1 Nd4 16. c3 Ndxf3 17. d4 exd4 18. Bd3 dxc3 19. Bxc3 Qf4 20. Qe2 0-0-0 21. a4 Bd4 22. Bxd4 Nxd4 23. Qd1 Nge6 24. Bc4 h5 25. h4 g5 26. Bxe6+ Nxe6 27. a5 gxh4 28. Qc2 hxg3 0-1

[Event "Skalica op-B"]
[Site "Skalica"]
[Date "2022.08.25"]
[Round "6"]
[White "Travnicek, Jaroslav1111"]
[Black "Hradsky, Ales Jr"]
[Result "1/2-1/2"]
[WhiteElo "1747"]
[BlackElo "1828"]
[PlyCount "32"]
[EventDate "2022.08.20"]
[EventType "swiss"]
[EventRounds "9"]
[EventCountry "SVK"]
[SourceTitle "CBM 209 Extra"]
[Source "ChessBase"]
[SourceDate "2022.09.30"]
[SourceVersion "1"]
[SourceVersionDate "2022.09.30"]
[SourceQuality "1"]

1. e4 d5 2. exd5 Qxd5 3. Nc3 Qd8 4. d4 Nf6 5. Nf3 c6 6. h3 Bf5 7. Bd3 Bxd3 8. Qxd3 e6 9. Bg5 Be7 10. 0-0 Nbd7 11. Rfe1 0-0 12. Rad1 Qc7 13. Ne5 Rad8 14. Qe2 h6 15. Bh4 Nxe5 16. dxe5 Nd5 1/2-1/2

[Event "Skalica op-B"]
[Site "Skalica"]
[Date "2022.08.23"]
[Round "4"]
[White "Hradsky, Ales Jr"]
[Black "Zetocha, Adela"]
[Result "1-0"]
[WhiteElo "1828"]
[BlackElo "1626"]
[PlyCount "43"]
[EventDate "2022.08.20"]
[EventType "swiss"]
[EventRounds "9"]
[EventCountry "SVK"]
[SourceTitle "CBM 209 Extra"]
[Source "ChessBase"]
[SourceDate "2022.09.30"]
[SourceVersion "1"]
[SourceVersionDate "2022.09.30"]
[SourceQuality "1"]

1. e4 e5 2. Nf3 Nc6 3. d4 exd4 4. Bc4 Nf6 5. 0-0 Nxe4 6. Re1 d5 7. Bxd5 Qxd5 8. Nc3 Qd7 9. Nxe4 Be7 10. Bg5 0-0 11. Bxe7 Qxe7 12. Qd2 Rd8 13. Qf4 h6 14. Rad1 Be6 15. a3 Rd7 16. g4 f6 17. b4 b6 18. b5 Nd8 19. Nxd4 a6 20. Ng3 Qxa3 21. Qe4 Bd5 22. Qe8+ 1-0

[Event "CZE-chT2F 2122"]
[Site "Czech Republic"]
[Date "2022.02.13"]
[Round "8.3"]
[White "Fargac, Martin"]
[Black "Hradsky, Ales Jr"]
[Result "1-0"]
[WhiteElo "2282"]
[BlackElo "1815"]
[PlyCount "63"]
[EventDate "2021.10.17"]
[EventType "team-tourn"]
[EventRounds "11"]
[EventCountry "CZE"]
[SourceTitle "EXT 2024"]
[Source "ChessBase"]
[SourceDate "2023.10.10"]
[SourceVersion "1"]
[SourceVersionDate "2023.10.10"]
[SourceQuality "1"]
[WhiteTeam "Trinec II"]
[BlackTeam "Prostejov"]
[WhiteTeamCountry "CZE"]
[BlackTeamCountry "CZE"]

1. d4 c6 2. c4 d5 3. Nf3 e6 4. Nc3 Nf6 5. Bg5 Be7 6. e3 0-0 7. Rc1 Nbd7 8. Bd3 h6 9. Bh4 g6 10. 0-0 Nh7 11. Bxe7 Qxe7 12. e4 dxe4 13. Bxe4 f5 14. Bc2 Ng5 15. Re1 Nxf3+ 16. Qxf3 Qf6 17. Qe3 Nb6 18. c5 Nd5 19. Qxh6 Bd7 20. Nxd5 exd5 21. Re5 Rf7 22. Rce1 Rh7 23. Qe3 f4 24. Qe2 Rf8 25. Qf3 Rff7 26. h3 Rh4 27. Bd1 Rfh7 28. Qb3 Rxh3 29. gxh3 Rxh3 30. Qxb7 Rh1+ 31. Kxh1 Qh4+ 32. Kg1 1-0

[Event "Hradec Kralove op 7th"]
[Site "Hradec Kralove"]
[Date "2016.10.07"]
[Round "8"]
[White "Hradsky, Ales Jr"]
[Black "Krasa, Marek"]
[Result "1/2-1/2"]
[WhiteElo "1832"]
[BlackElo "1737"]
[PlyCount "51"]
[EventDate "2016.10.01"]
[EventType "swiss"]
[EventRounds "9"]
[EventCountry "CZE"]
[SourceTitle "EXT 2017"]
[Source "ChessBase"]
[SourceDate "2016.10.25"]
[SourceVersion "1"]
[SourceVersionDate "2016.10.25"]
[SourceQuality "1"]

1. f4 Nf6 2. Nf3 e6 3. d4 d5 4. e3 c5 5. c3 cxd4 6. exd4 Nc6 7. Bd3 Bd6 8. 0-0 0-0 9. Qe2 Qc7 10. Ne5 Ne7 11. Bd2 Ng6 12. Na3 a6 13. Rac1 b5 14. b4 Bb7 15. Nc2 Rfe8 16. Ne3 Nd7 17. N3g4 Nb6 18. g3 Nc4 19. h4 Ne7 20. Bxh7+ Kxh7 21. Nf6+ gxf6 22. Qh5+ Kg8 23. Qxf7+ Kh8 24. Qxf6+ Kh7 25. Qf7+ Kh8 26. Qf6+ 1/2-1/2

[Event "Tatry op"]
[Site "Tatranske Zruby"]
[Date "2012.09.28"]
[Round "7"]
[White "Hradsky, Ales Jr"]
[Black "Giertli, Vladimir"]
[Result "0-1"]
[WhiteElo "1756"]
[BlackElo "2080"]
[PlyCount "76"]
[EventDate "2012.09.23"]
[EventType "swiss"]
[EventRounds "9"]
[EventCountry "SVK"]
[SourceTitle "EXT 2023"]
[Source "ChessBase"]
[SourceDate "2022.10.05"]
[SourceVersion "1"]
[SourceVersionDate "2022.10.05"]
[SourceQuality "1"]

1. e4 e5 2. Nf3 Nc6 3. d4 exd4 4. Bc4 Nf6 5. e5 d5 6. Bb5 Ne4 7. Nxd4 Bd7 8. Bxc6 bxc6 9. 0-0 Be7 10. f4 0-0 11. Be3 Rb8 12. Nc3 f5 13. Nxe4 fxe4 14. Nb3 a6 15. Qe2 Bc8 16. Rf2 Qe8 17. Kh1 Qg6 18. Raf1 Bh3 19. g3 Bd7 20. c3 h5 21. Nd4 c5 22. f5 Qe8 23. f6 cxd4 24. Bxd4 Bg4 25. Qe3 c5 26. Qg5 g6 27. fxe7 Bf3+ 28. Rxf3 Rxf3 29. Rxf3 exf3 30. Bxc5 Rxb2 31. Kg1 Rg2+ 32. Kh1 Rxa2 33. Kg1 Qf7 34. Kf1 f2 35. e8Q+ Qxe8 36. Bxf2 Qb5+ 37. Kg2 Qc6 38. Qd8+ Kf7 0-1

[Event "Tatry op"]
[Site "Tatranske Zruby"]
[Date "2012.09.26"]
[Round "5"]
[White "Zacik, Anton"]
[Black "Hradsky, Ales Jr"]
[Result "1-0"]
[WhiteElo "1944"]
[BlackElo "1756"]
[PlyCount "49"]
[EventDate "2012.09.23"]
[EventType "swiss"]
[EventRounds "9"]
[EventCountry "SVK"]
[SourceTitle "EXT 2023"]
[Source "ChessBase"]
[SourceDate "2022.10.05"]
[SourceVersion "1"]
[SourceVersionDate "2022.10.05"]
[SourceQuality "1"]

1. e4 e6 2. d4 d5 3. Nd2 dxe4 4. Nxe4 Nd7 5. Nf3 Be7 6. Bd3 Ngf6 7. Ng3 b6 8. 0-0 0-0 9. Re1 Bb7 10. c3 Re8 11. Bg5 Ng4 12. Bxe7 Rxe7 13. Bxh7+ Kf8 14. Be4 Bxe4 15. Nxe4 Ndf6 16. Nxf6 Nxf6 17. Ne5 Re8 18. Qf3 Qd6 19. g4 Ke7 20. g5 Rh8 21. gxf6+ gxf6 22. Ng4 Rag8 23. Qxf6+ Ke8 24. Kf1 Rh7 25. Qf3 1-0

[Event "Tatry op"]
[Site "Tatranske Zruby"]
[Date "2012.09.25"]
[Round "4"]
[White "Hradsky, Ales Jr"]
[Black "Diviak, Rudolf"]
[Result "1/2-1/2"]
[WhiteElo "1756"]
[BlackElo "1852"]
[PlyCount "87"]
[EventDate "2012.09.23"]
[EventType "swiss"]
[EventRounds "9"]
[EventCountry "SVK"]
[SourceTitle "EXT 2023"]
[Source "ChessBase"]
[SourceDate "2022.10.05"]
[SourceVersion "1"]
[SourceVersionDate "2022.10.05"]
[SourceQuality "1"]

1. e4 g6 2. d4 Bg7 3. Nf3 d6 4. Be2 c5 5. c3 Nd7 6. 0-0 b6 7. Bc4 Bb7 8. Bxf7+ Kxf7 9. Ng5+ Ke8 10. Ne6 Qc8 11. Nxg7+ Kf7 12. Nh5 Bxe4 13. Nf4 Ndf6 14. f3 Bf5 15. g4 Bd7 16. Nd2 g5 17. Nh3 h6 18. Nf2 cxd4 19. cxd4 Nd5 20. Nde4 Ngf6 21. h3 Qc4 22. b3 Qc7 23. Bd2 Rac8 24. Rc1 Qb8 25. Qe2 b5 26. Nd3 Rxc1 27. Bxc1 Rc8 28. f4 Rxc1 29. Rxc1 gxf4 30. Rf1 e5 31. Nxf6 Kxf6 32. dxe5+ dxe5 33. b4 Qb6+ 34. Kh2 Qd4 35. a3 Nc3 36. Qf3 Be6 37. Nxf4 exf4 38. Qxf4+ Qxf4+ 39. Rxf4+ Kg5 40. Rf3 Ne2 41. Re3 Nd4 42. Kg3 Kf6 43. h4 a6 44. Kf4 1/2-1/2

[Event "Kouty nad Desnou op-A"]
[Site "Kouty nad Desnou"]
[Date "2012.03.14"]
[Round "6"]
[White "Hradsky, Ales Jr"]
[Black "Rydl, Adolf"]
[Result "1-0"]
[WhiteElo "1830"]
[BlackElo "1780"]
[PlyCount "67"]
[EventDate "2012.03.10"]
[EventType "swiss"]
[EventRounds "9"]
[EventCountry "CZE"]
[SourceTitle "EXT 2013"]
[Source "ChessBase"]
[SourceDate "2012.11.22"]
[SourceVersion "1"]
[SourceVersionDate "2012.11.22"]
[SourceQuality "1"]

1. e4 e6 2. Nf3 d5 3. e5 c5 4. b4 d4 5. bxc5 Bxc5 6. Ba3 Qa5 7. Bxc5 Qxc5 8. c3 Nc6 9. Qa4 Bd7 10. cxd4 Nxd4 11. Qxd4 Qc1+ 12. Ke2 Bb5+ 13. Ke3 Bxf1 14. Rxf1 Qxf1 15. Na3 Qa6 16. Nc4 Ne7 17. Nd6+ Kf8 18. Kf4 Rd8 19. Rc1 f6 20. exf6 e5+ 21. Nxe5 Qxd6 22. Qxd6 Rxd6 23. fxe7+ Kxe7 24. d3 Kf6 25. Ke4 Re8 26. f4 Ra6 27. Rc7 Re7 28. Rc2 g5 29. fxg5+ Kxg5 30. Rf2 Rf6 31. h4+ Kxh4 32. Rxf6 Kg3 33. d4 h5 34. Rg6+ 1-0

[Event "Kouty nad Desnou op-A"]
[Site "Kouty nad Desnou"]
[Date "2012.03.13"]
[Round "5"]
[White "Novak, Jiri1111"]
[Black "Hradsky, Ales Jr"]
[Result "1/2-1/2"]
[WhiteElo "1705"]
[BlackElo "1830"]
[PlyCount "61"]
[EventDate "2012.03.10"]
[EventType "swiss"]
[EventRounds "9"]
[EventCountry "CZE"]
[SourceTitle "EXT 2013"]
[Source "ChessBase"]
[SourceDate "2012.11.22"]
[SourceVersion "1"]
[SourceVersionDate "2012.11.22"]
[SourceQuality "1"]

1. c4 e6 2. g3 f5 3. Bg2 Nf6 4. Nc3 Be7 5. d4 0-0 6. e3 d6 7. Nge2 Nc6 8. 0-0 Qe8 9. Rb1 e5 10. dxe5 dxe5 11. a3 Be6 12. b3 Rd8 13. Qc2 a6 14. Bb2 Qh5 15. Rfd1 Ng4 16. h3 Nf6 17. Nd5 f4 18. Nxf6+ Bxf6 19. Rxd8 Rxd8 20. exf4 Bxh3 21. fxe5 Bxg2 22. Kxg2 Nxe5 23. Bxe5 Bxe5 24. Rh1 Qg6 25. Qxg6 hxg6 26. Rb1 Rd2 27. Kf3 g5 28. Ke3 Rd7 29. f4 gxf4+ 30. gxf4 Bf6 31. a4 1/2-1/2

[Event "Kouty nad Desnou op-A"]
[Site "Kouty nad Desnou"]
[Date "2012.03.12"]
[Round "3"]
[White "Jelinek, Michal"]
[Black "Hradsky, Ales Jr"]
[Result "1/2-1/2"]
[WhiteElo "1733"]
[BlackElo "1830"]
[PlyCount "69"]
[EventDate "2012.03.10"]
[EventType "swiss"]
[EventRounds "9"]
[EventCountry "CZE"]
[SourceTitle "EXT 2013"]
[Source "ChessBase"]
[SourceDate "2012.11.22"]
[SourceVersion "1"]
[SourceVersionDate "2012.11.22"]
[SourceQuality "1"]

1. e4 e6 2. d4 d5 3. Nc3 dxe4 4. Nxe4 Nd7 5. Nf3 Ngf6 6. Bg5 Be7 7. Nxf6+ Bxf6 8. Bxf6 Qxf6 9. c3 0-0 10. Bd3 c6 11. 0-0 b6 12. Qc2 h6 13. Rfe1 Bb7 14. Re3 c5 15. Rae1 cxd4 16. Nxd4 Nc5 17. Bh7+ Kh8 18. b4 Na6 19. a3 Rac8 20. Be4 Bxe4 21. Qxe4 Rc4 22. Qb7 Nc7 23. Rf3 Qg6 24. Qxa7 Ra8 25. Qxb6 Rxa3 26. Nb5 Nxb5 27. Qxb5 Rcxc3 28. Qe8+ Kh7 29. Qxf7 Qe4 30. Rfe3 Rxe3 31. fxe3 Rxe3 32. Rxe3 Qxe3+ 33. Qf2 Qe4 34. Qd2 e5 35. Kf2 1/2-1/2

[Event "Tatry op"]
[Site "Tatranske Zruby"]
[Date "2011.09.30"]
[Round "7"]
[White "Hradsky, Ales Jr"]
[Black "Krca, Milan"]
[Result "1/2-1/2"]
[WhiteElo "1815"]
[BlackElo "2043"]
[PlyCount "49"]
[EventDate "2011.09.25"]
[EventType "swiss"]
[EventRounds "9"]
[EventCountry "SVK"]
[SourceTitle "CBM 144 Extra"]
[Source "ChessBase"]
[SourceDate "2011.10.28"]
[SourceVersion "1"]
[SourceVersionDate "2011.10.28"]
[SourceQuality "1"]

1. e4 Nf6 2. Nc3 e5 3. Nf3 Nc6 4. Bc4 Bb4 5. 0-0 0-0 6. d3 h6 7. a3 Be7 8. h3 d6 9. Be3 Be6 10. Nd5 Qd7 11. Qd2 Kh7 12. Nh2 Ng8 13. f4 exf4 14. Bxf4 Ne5 15. Ba2 c6 16. Nxe7 Qxe7 17. Bxe5 dxe5 18. Bxe6 Qxe6 19. Rf2 c5 20. Qc3 b6 21. Raf1 Ne7 22. Ng4 Ng6 23. Rf5 f6 24. g3 Rh8 25. Kg2 1/2-1/2

[Event "Tatry op"]
[Site "Tatranske Zruby"]
[Date "2011.09.28"]
[Round "5"]
[White "Hradsky, Ales Jr"]
[Black "Mocary, Metod"]
[Result "1-0"]
[WhiteElo "1815"]
[BlackElo "1990"]
[PlyCount "61"]
[EventDate "2011.09.25"]
[EventType "swiss"]
[EventRounds "9"]
[EventCountry "SVK"]
[SourceTitle "CBM 144 Extra"]
[Source "ChessBase"]
[SourceDate "2011.10.28"]
[SourceVersion "1"]
[SourceVersionDate "2011.10.28"]
[SourceQuality "1"]

1. e4 d6 2. Nf3 Nf6 3. Nc3 g6 4. Be2 Bg7 5. 0-0 0-0 6. d4 c6 7. h3 a6 8. a4 b6 9. Be3 Bb7 10. Qd2 Nbd7 11. Bh6 b5 12. Bxg7 Kxg7 13. e5 Ne8 14. e6 fxe6 15. Ng5 Nc7 16. axb5 cxb5 17. Bxb5 axb5 18. Nxb5 Rf6 19. Rxa8 Bxa8 20. Qa5 Bd5 21. Qxc7 Qxc7 22. Nxc7 Bc4 23. Re1 e5 24. Ne8+ Kf8 25. Nxf6 exf6 26. Nf3 Kf7 27. dxe5 Nxe5 28. Nd4 Bd5 29. b3 h5 30. c4 Nd3 31. Re3 1-0

[Event "Ostrava op"]
[Site "Ostrava"]
[Date "2010.05.05"]
[Round "5"]
[White "Kacir, Tomas"]
[Black "Hradsky, Ales Jr"]
[Result "1/2-1/2"]
[WhiteElo "1625"]
[BlackElo "1830"]
[PlyCount "105"]
[EventDate "2010.05.01"]
[EventType "swiss"]
[EventRounds "9"]
[EventCountry "CZE"]
[SourceTitle "EXT 2011"]
[Source "ChessBase"]
[SourceDate "2010.11.26"]
[SourceVersion "1"]
[SourceVersionDate "2010.11.26"]
[SourceQuality "1"]

1. d4 d5 2. Nf3 Nf6 3. c4 e6 4. Nc3 c6 5. Bg5 Be7 6. e3 0-0 7. Bd3 Nbd7 8. 0-0 Qc7 9. cxd5 exd5 10. Qc2 Bd6 11. Bh4 a6 12. a3 h6 13. Bg3 Nh5 14. Bxd6 Qxd6 15. Bh7+ Kh8 16. Bf5 g6 17. Bd3 Rg8 18. Rac1 Nf8 19. Na4 Be6 20. Nc5 Rb8 21. Ne5 f5 22. Qb3 Rg7 23. Rfe1 Nf6 24. f3 N8d7 25. Nxe6 Qxe6 26. Nxc6 bxc6 27. Qc2 Rb6 28. b4 Nb8 29. Qc5 Nfd7 30. Qc2 Qd6 31. Qd2 Kh7 32. Kh1 Nf8 33. e4 dxe4 34. fxe4 fxe4 35. Rxe4 Kh8 36. Re8 Nbd7 37. Rce1 Rb8 38. Bxa6 Rxe8 39. Rxe8 Kh7 40. Bd3 Ne6 41. Bc4 Nxd4 42. Re6 Qxe6 43. Bxe6 Nxe6 44. Qd6 Ndf8 45. g3 Ra7 46. Qxc6 Rxa3 47. b5 Ra7 48. b6 Rg7 49. Qc8 Nd7 50. b7 Nec5 51. b8Q Nxb8 52. Qxb8 Ne6 53. Qe5 1/2-1/2

[Event "Ostrava op"]
[Site "Ostrava"]
[Date "2010.05.04"]
[Round "4"]
[White "Hradsky, Ales Jr"]
[Black "Borovicka, Bohumil"]
[Result "0-1"]
[WhiteElo "1830"]
[BlackElo "2010"]
[PlyCount "80"]
[EventDate "2010.05.01"]
[EventType "swiss"]
[EventRounds "9"]
[EventCountry "CZE"]
[SourceTitle "EXT 2011"]
[Source "ChessBase"]
[SourceDate "2010.11.26"]
[SourceVersion "1"]
[SourceVersionDate "2010.11.26"]
[SourceQuality "1"]

1. e4 c5 2. f4 e6 3. Nf3 d5 4. e5 Nc6 5. c3 Nh6 6. Be2 Nf5 7. 0-0 Qb6 8. d3 Be7 9. Kh1 h5 10. Na3 Bd7 11. Nc2 g6 12. b3 Kf8 13. Be3 Kg7 14. Bg1 h4 15. Bf2 Qa5 16. c4 b5 17. Ne3 bxc4 18. Nxf5+ exf5 19. dxc4 d4 20. Bd3 Qd8 21. Qd2 a5 22. Rae1 Be6 23. Ng5 Qc7 24. Nxe6+ fxe6 25. h3 Kf7 26. Bg1 a4 27. Bb1 axb3 28. axb3 Ra3 29. Rf3 Rb8 30. Qb2 Qa5 31. Rd1 Qb4 32. Rdd3 Na5 33. Bf2 Rxb3 34. Rxb3 Nxb3 35. Ba2 Nd2 36. Qxb4 Rxb4 37. Ra3 Ne4 38. Be1 Rb7 39. g4 hxg3 40. Bxg3 Rb2 0-1

[Event "CZE-ch Juniors op-A"]
[Site "Sec u Chrudimi"]
[Date "2007.03.17"]
[Round "9"]
[White "Strakos, Tomas"]
[Black "Hradsky, Ales Jr"]
[Result "1-0"]
[WhiteElo "1824"]
[BlackElo "2021"]
[PlyCount "75"]
[EventDate "2007.03.10"]
[EventType "swiss"]
[EventRounds "9"]
[EventCountry "CZE"]
[SourceTitle "EXT 2008"]
[Source "ChessBase"]
[SourceDate "2007.11.25"]
[SourceVersion "1"]
[SourceVersionDate "2007.11.25"]
[SourceQuality "1"]

1. d4 d5 2. c4 dxc4 3. Nc3 c6 4. a4 e5 5. dxe5 Qxd1+ 6. Kxd1 Be6 7. g3 Nd7 8. f4 0-0-0 9. Kc2 Bb4 10. Bg2 Nh6 11. e4 Ng4 12. f5 Bxf5 13. exf5 Nf2 14. Nf3 Nxh1 15. Bxh1 Rhe8 16. Bf4 Nc5 17. Nd2 Rxd2+ 18. Bxd2 Rxe5 19. Bf3 f6 20. Bf4 Re8 21. a5 Nd3 22. Bd2 a6 23. Bh5 Rd8 24. Bf7 Nxb2 25. Be6+ Kb8 26. Bf4+ Ka8 27. Kxb2 Rd3 28. Rc1 Bxa5 29. Bxc4 Rd8 30. Kc2 Bxc3 31. Kxc3 b5 32. Be2 Kb7 33. Rd1 Rxd1 34. Bxd1 Kb6 35. Bd6 c5 36. Bf8 a5 37. Bxg7 a4 38. Bxf6 1-0

[Event "CZE-ch Juniors op-A"]
[Site "Sec u Chrudimi"]
[Date "2007.03.14"]
[Round "6"]
[White "Hradsky, Ales Jr"]
[Black "Vanek, Marian"]
[Result "0-1"]
[WhiteElo "2021"]
[BlackElo "1887"]
[PlyCount "76"]
[EventDate "2007.03.10"]
[EventType "swiss"]
[EventRounds "9"]
[EventCountry "CZE"]
[SourceTitle "EXT 2008"]
[Source "ChessBase"]
[SourceDate "2007.11.25"]
[SourceVersion "1"]
[SourceVersionDate "2007.11.25"]
[SourceQuality "1"]

1. e4 e5 2. Nf3 Nc6 3. d4 exd4 4. Bc4 Nf6 5. 0-0 Nxe4 6. Re1 d5 7. Bb5 Bc5 8. Bg5 Qd6 9. Nbd2 0-0 10. Nxe4 dxe4 11. Rxe4 Bf5 12. Bxc6 Qxc6 13. Re1 Qg6 14. c3 dxc3 15. bxc3 Bg4 16. Be7 Bxe7 17. Rxe7 Rad8 18. Qe2 Qd6 19. Re3 h6 20. h3 Bxf3 21. Qxf3 Qd5 22. Qxd5 Rxd5 23. Rb1 b6 24. Rbe1 Rfd8 25. f3 Rd2 26. R1e2 Rxe2 27. Rxe2 Kf8 28. Kf2 Rd3 29. Re3 Rxe3 30. Kxe3 Ke7 31. Kd4 Kd6 32. a4 c6 33. c4 a6 34. f4 b5 35. axb5 axb5 36. g4 c5+ 37. Kc3 b4+ 38. Kb3 g5 0-1

[Event "CZE-ch Juniors op-A"]
[Site "Sec u Chrudimi"]
[Date "2007.03.12"]
[Round "4"]
[White "Hradsky, Ales Jr"]
[Black "Kolasin, Jan"]
[Result "0-1"]
[WhiteElo "2021"]
[BlackElo "1880"]
[PlyCount "64"]
[EventDate "2007.03.10"]
[EventType "swiss"]
[EventRounds "9"]
[EventCountry "CZE"]
[SourceTitle "EXT 2008"]
[Source "ChessBase"]
[SourceDate "2007.11.25"]
[SourceVersion "1"]
[SourceVersionDate "2007.11.25"]
[SourceQuality "1"]

1. e4 e6 2. d4 d5 3. exd5 exd5 4. Bd3 Bd6 5. c3 Nf6 6. Bg5 0-0 7. Nf3 Re8+ 8. Be3 Ng4 9. Kd2 Nxe3 10. fxe3 c5 11. b3 Nc6 12. Qc2 g6 13. h4 cxd4 14. Nxd4 Qe7 15. Kc1 Qxe3+ 16. Kb2 Nxd4 17. cxd4 Qxd4+ 18. Nc3 Bg4 19. h5 Bxh5 20. Rh3 Bb4 21. a3 Bxc3+ 22. Qxc3 Qxc3+ 23. Kxc3 Rad8 24. Kd4 Be2 25. Re1 Bxd3 26. Rxe8+ Rxe8 27. Rxd3 Re2 28. Kxd5 Rxg2 29. Ke5 Re2+ 30. Kf6 Re6+ 31. Kg5 Kg7 32. Rd7 Rb6 0-1